| 000 | 00537nam a2200193Ia 4500 | ||
|---|---|---|---|
| 003 | OSt | ||
| 005 | 20230602091504.0 | ||
| 008 | 210423s1995 xx 000 0 und d | ||
| 040 | _cAL | ||
| 041 | _aeng | ||
| 082 | _a362.7 CHOC | ||
| 100 |
_aCHOWDHRY(Paul D) _9118471 |
||
| 245 | _aChild welfare development page194-440 | ||
| 260 |
_aDelhi _bAtma ram and sons _c1995 |
||
| 300 |
_a194-440 _bBound |
||
| 650 |
_aSocial Welfare Problems & Services _9118472 |
||
| 906 | _aChild ; development ; page194-440 ; welfare | ||
| 942 |
_2ddc _cBK |
||
| 999 |
_c176422 _d176422 |
||